Hồn quê Việt, như tôi thấy...
Giới thiệu các màu sắc văn hóa của các tộc người Việt Nam, những giá trị văn hóa - văn nghệ mang đậm bản sắc dân tộc từ châu thổ sông Hồng đến các thôn ấp Nam Bộ.
Đã lưu trong:
| Tác giả chính: | |
|---|---|
| Định dạng: | Sách |
| Năm xuất bản: |
H.
Đại học Quốc gia Hà Nội
2010
|
| Chủ đề: | |
| Tags: |
Thêm thẻ
Không có thẻ, Hãy là người đầu tiên gắn thẻ bản ghi này!
|
| LEADER | 00864nam a2200169 4500 | ||
|---|---|---|---|
| 082 | |a 398.209597 |b NG527Q | ||
| 100 | |a Nguyễn Quang Vinh | ||
| 245 | |a Hồn quê Việt, như tôi thấy... |c Nguyễn Quang Vinh | ||
| 260 | |a H. |b Đại học Quốc gia Hà Nội |c 2010 | ||
| 300 | |a 364 tr. |c 21 cm | ||
| 500 | |a Đầu trang tên sách ghi: Hội văn nghệ dân gian Việt Nam | ||
| 520 | |a Giới thiệu các màu sắc văn hóa của các tộc người Việt Nam, những giá trị văn hóa - văn nghệ mang đậm bản sắc dân tộc từ châu thổ sông Hồng đến các thôn ấp Nam Bộ. | ||
| 653 | |a Văn học dân gian | ||
| 653 | |a Việt Nam | ||
| 942 | |2 ddc |c SH | ||
| 999 | |c 12963 |d 12963 | ||
| 952 | |0 0 |1 0 |2 ddc |4 0 |6 398_209597000000000_NG527Q |7 0 |8 300 |9 108264 |a qbu |b qbu |c D2 |d 2016-10-05 |g 70000 |o 398.209597 NG527Q |p 12000.C1 |r 0000-00-00 |w 2016-10-05 |y SH | ||